Escritores de la provincia San Pedro de Macorís / (Registro nro. 35563)
[ vista simple ]
| 000 -CABECERA | |
|---|---|
| campo de control de longitud fija | 00879nam a2200253 a 4500 |
| 001 - NÚMERO DE CONTROL | |
| campo de control | 000036072 |
| 003 - IDENTIFICADOR DEL NÚMERO DE CONTROL | |
| campo de control | DO-SdBNP |
| 005 - FECHA Y HORA DE LA ÚLTIMA TRANSACCIÓN | |
| campo de control | 20250219074027.0 |
| 008 - DATOS DE LONGITUD FIJA--INFORMACIÓN GENERAL | |
| campo de control de longitud fija | 100408s2006 dr c 000 0 spa d |
| 020 ## - NÚMERO INTERNACIONAL ESTÁNDAR DEL LIBRO | |
| Número Internacional Estándar del Libro | 9993479845 |
| 040 ## - FUENTE DE LA CATALOGACIÓN | |
| Centro catalogador/agencia de origen | DO-SdBNP |
| Lengua de catalogación | spa |
| Centro/agencia transcriptor | BNPHU |
| 082 #4 - NÚMERO DE LA CLASIFICACIÓN DECIMAL DEWEY | |
| Número de clasificación | 928.61 |
| Número de documento/Ítem | P438sp |
| Número de edición | 22 |
| 100 1# - ENTRADA PRINCIPAL--NOMBRE DE PERSONA | |
| Nombre de persona | Pérez, Isael, |
| Fechas asociadas al nombre | 1961- |
| 9 (RLIN) | 1414 |
| 245 10 - MENCIÓN DE TÍTULO | |
| Título | Escritores de la provincia San Pedro de Macorís / |
| Mención de responsabilidad, etc. | Isael Pérez |
| 260 ## - PUBLICACIÓN, DISTRIBUCIÓN, ETC. | |
| Lugar de publicación, distribución, etc. | Santo Domingo : |
| Nombre del editor, distribuidor, etc. | Búho, |
| Fecha de publicación, distribución, etc. | 2006. |
| 300 ## - DESCRIPCIÓN FÍSICA | |
| Extensión | 322 p. : |
| Otras características físicas | il., retrs. ; |
| Dimensiones | 23 cm. |
| 504 ## - NOTA DE BIBLIOGRAFÍA, ETC. | |
| Nota de bibliografía, etc. | Bibliografía: p. 309-312 |
| 590 ## - NOTA LOCAL (RLIN) | |
| Nota local | Inventariado, 2022/MFF |
| 650 #4 - PUNTO DE ACCESO ADICIONAL DE MATERIA--TÉRMINO DE MATERIA | |
| Término de materia o nombre geográfico como elemento de entrada | Autores dominicanos |
| 9 (RLIN) | 230 |
| Subdivisión de forma | Biografías |
| 651 #4 - PUNTO DE ACCESO ADICIONAL DE MATERIA--NOMBRE GEOGRÁFICO | |
| Nombre geográfico | San Pedro de Macorís (República Dominicana) |
| 9 (RLIN) | 24875 |
| Subdivisión de forma | Biografías |
| 651 #4 - PUNTO DE ACCESO ADICIONAL DE MATERIA--NOMBRE GEOGRÁFICO | |
| Nombre geográfico | San Pedro de Macorís (República Dominicana) |
| Subdivisión geográfica | Vida intelectual |
| 9 (RLIN) | 62104 |
| 910 ## - DATOS DE OPCIÓN DEL USUARIO (OCLC) | |
| Datos de opción del usuario | Validado. Control de calidad MFF |
| 942 ## - ELEMENTOS DE PUNTO DE ACCESO ADICIONAL (KOHA) | |
| Fuente del sistema de clasificación o colocación | Dewey Decimal Classification |
| Tipo de ítem Koha | Libro |
| Estado de retiro | Estado de pérdida | Fuente del sistema de clasificación o colocación | Restricciones de uso | No para préstamo | Código de colección | Localización permanente | Ubicación/localización actual | Ubicación en estantería | Fecha de adquisición | Signatura topográfica completa | Código de barras | Fecha visto por última vez | Número de copia | Precio válido a partir de | Tipo de ítem Koha |
|---|---|---|---|---|---|---|---|---|---|---|---|---|---|---|---|
| Dewey Decimal Classification | Préstamo en sala | Dominicana de Servicio | Biblioteca Nacional Pedro Henríquez Ureña | Biblioteca Nacional Pedro Henríquez Ureña | Depósito | 25.11.2011 | BNPHU R-DS 928.61 P438sp | 36072-30 | 25.06.2020 | e. 3 | 25.06.2020 | Libro | |||
| Dewey Decimal Classification | Préstamo en sala | Dominicana de Servicio | Biblioteca Nacional Pedro Henríquez Ureña | Biblioteca Nacional Pedro Henríquez Ureña | Depósito | 07.04.2014 | BNPHU R-DS 928.61 P438sp | 36072-40 | 25.06.2020 | e. 4 | 25.06.2020 | Libro | |||
| Dewey Decimal Classification | Excluido de préstamo | Patrimonio Dominicano | Biblioteca Nacional Pedro Henríquez Ureña | Biblioteca Nacional Pedro Henríquez Ureña | Depósito | 25.11.2011 | BNPHU R-PD 928.61 P438sp | 36072-10 | 25.06.2020 | 25.06.2020 | Libro | ||||
| Dewey Decimal Classification | Excluido de préstamo | Patrimonio Dominicano | Biblioteca Nacional Pedro Henríquez Ureña | Biblioteca Nacional Pedro Henríquez Ureña | Depósito | 25.11.2011 | BNPHU R-PD 928.61 P438sp | 36072-20 | 25.06.2020 | e. 2 | 25.06.2020 | Libro |
